000 00661nam a2200193Ia 4500
003 GCL
008 140319s9999 xx 000 0 ara d
020 _a6197314977
040 _aGCL /
_cGCL
082 0 4 _a214.6
_bك خ
100 1 _aكريم حسنين
245 1 0 _aالخلق بين العنكبوتية الدارونيية والحقيقة القرانية /
_cكريم حسنين
250 _aالثانية
260 _aالقاهرة :
_bنهضة مصر للطباعة والنشر والتوزيع ،
_c2003
300 _a352 ص ؛
_c24 سم
650 0 4 _aالثقافة الاسلامية
650 0 4 _aالقران - خلق
942 _2ddc
_cBK
999 _c5290
_d5290